Sports Quiz

Random Sports or Board Games Quiz

Mets With 12+ Total Bases In A Game Quiz Stats

 Plays Quiz not verified by Sporcle

Support Sporcle.
Go Orange.
Score 0/15 Timer 10:00
0 Plays Today
Date Player % Correct
8/5/1985Darryl Strawberry
88.9%
4/7/2004Mike Piazza
87.9%
8/15/2006Jose Reyes
83.2%
8/30/1999Edgardo Alfonzo
74.6%
9/3/1985Gary Carter
71.7%
6/4/1976Dave Kingman
53%
4/7/1999Rickey Henderson
38.4%
9/7/1989Gregg Jefferies
28.9%
Date Player % Correct
7/5/1987Tim Teufel
28.6%
5/11/1996Rico Brogna
26%
9/3/1965Jim Hickman
16.5%
7/3/1996Alex Ochoa
15.2%
6/22/1980Claudell Washington
9.5%
8/14/1993Tim Bogar
7.3%
8/18/1964Joe Christopher
5.1%

You're not logged in!

Compare scores with friends on all Sporcle quizzes.
OR
Log In

From the Vault

Just Be Close: Movie Edition

by senordingdong

In this case, just being close will get you a cigar.
Remove Ads.
Support Sporcle.
Get the best of Sporcle when you Go Orange. This ad-free experience offers more features, more stats, and more fun while also helping to support Sporcle. Thank you for becoming a member.

Show Comments

Extras

Top Quizzes Today


Score Distribution

Your Account Isn't Verified!

In order to create a playlist on Sporcle, you need to verify the email address you used during registration. Go to your Sporcle Settings to finish the process.

Report this User

Report this user for behavior that violates our Community Guidelines.

Details: